| 000 | 00344nam a22001457a 4500 | ||
|---|---|---|---|
| 020 | _a0-19-275388-6 | ||
| 082 |
_a823 _bCRO/D |
||
| 100 | _aCROSS, GILLIAN | ||
| 245 |
_aTHE DEMON HEADMASTER _bSTRIKES AGAIN |
||
| 260 |
_aNEW YORK _bOXFORD UNIVERSITY PRESS _c1996 |
||
| 300 | _a183 | ||
| 520 | _aSHORT STORY | ||
| 650 | _aSHORT STORY | ||
| 942 | _cBK | ||
| 999 |
_c5793 _d5793 |
||